000 00726nam a2200241Ia 4500
003 OSt
005 20220925181925.0
006 a|||||r|||| 00| 0
007 ta
008 220923b |||||||| |||| 00| 0 eng d
037 _cGeneral Book
040 _aRTL
_cRTL
_beng
041 _2eng
_aeng
082 _aY9(W).79171.N9, N7
100 _aCoronil Fernando
_9235529
245 0 _aMagical state
_b Nature, money,and modernity in Venezuela
260 _aChicago
_bUniversity of Chicago Press
_c1997
300 _axvii, 447p
_ccm.
500 _aBibliography: P 395-431
650 _aPolitical Sociology
942 _hY9(W).79171.N9, N7
_cGB
_2CC
999 _c500757
_d500757